000 00724nam a22002297a 4500
005 20250415142144.0
008 250415b |||||||| |||| 00| 0 eng d
020 _a978-1-3503-4386-3 (pbk)
037 _cTB
040 _aCRL
_cCRL
041 _2eng
_aeng
084 _aQ2.2 R3
_qCRL
100 _aVemsani, Lavanya
_9727909
245 _aHinduism in Middle India:
_bNarasimha, the lord of the middle
260 _aLondon, UK:
_bBloomsbury Academic,
_c2023.
300 _axi, 239p.
365 _b28.99
_cUKP
650 _aHinduism
650 _aReligion
942 _2CC
_cTB
_hQ2.2 R3
_n0
999 _c1309011
_d1309011